Regions in Asia - Statistics

General Stats
  • This quiz has been taken 581 times
  • The average score is 11 of 15
Answer Stats
Hint Answer % Correct
Hokkaido Japan
99%
Inner Mongolia China
98%
Bali Indonesia
94%
Central Luzon Philippines
87%
Gujarat India
83%
Isfahan Iran
77%
Mandalay Myanmar
72%
Malacca Malaysia
71%
Sindh Pakistan
71%
Jeju South Korea
70%
Siem Reap Cambodia
68%
Homs Syria
56%
Sharjah United Arab Emirates
54%
Odisha India
51%
Kandy Sri Lanka
50%
No matching quizzes found
Score Distribution
Percent of People with Each Score
Percentile by Number Answered
Your Score History
You have not taken this quiz